| 000 | 00947nam a2200265 i 4500 | ||
|---|---|---|---|
| 001 | 169271 | ||
| 003 | ES-MaACL | ||
| 005 | 20250822031948.0 | ||
| 008 | 080827s1996 sp |||| | spa d | ||
| 017 | _aM-6.131-1996 | ||
| 020 | _a84-368-0946-7 | ||
| 080 | _a929(460):159.9 | ||
| 245 | 0 | 0 |
_aPersonajes para una historia de la psicología en España / _cMilagros Saiz, Dolores Saiz (coordinadoras). |
| 260 |
_aMadrid : _bPirámide ; _aBarcelona : _bUniversitat Autònoma de Barcelona, Servei de Publicacions, _c1996. |
||
| 300 |
_a524 p. ; _c23 cm. |
||
| 490 | 1 | _aPsicología Pirámide | |
| 504 | _aBibliografía. | ||
| 650 | 1 | 4 |
_aPsicólogos- _zEspaña. _9138366 |
| 650 | 1 | 4 |
_aPsicología- _zEspaña- _vHistoria _916544 |
| 700 | 1 |
_aSáiz Roca, Milagros. _9138367 |
|
| 700 | 1 |
_aSáiz Roca, Dolores. _9138368 |
|
| 830 | 0 |
_aPsicología Pirámide _9222810 |
|
| 852 | 4 |
_aES-MaACL _jL-29735 _9R.143866 |
|
| 999 |
_c169271 _d169271 |
||